000 00797nam a2200229 i 4500
001 60467
003 ES-MaACL
005 20250902185819.0
007 t|
008 031105s1957 sp a |||| | spa d
100 1 _aEspina, Antonio,
_d1894-1972
_947833
245 1 0 _aDioses y héroes nórdicos /
_cAntonio Espina ; ilustraciones de Julio Castro de la Gándara.
260 _a[Madrid] :
_bAguilar,
_c[1957] (
_fE. Casado)
300 _a74 p. :
_bil. ;
_c28 cm.
490 1 _aEl globo de colores. Mitos y leyendas
650 4 _aMitología nórdica-
_vLibros infantiles.
_9159983
655 7 _aLibros infantiles
_2tgfbne
_9226786
700 1 _aCastro, Julio,
_d1927-
_9159984
830 1 _aEl globo de colores. Mitos y leyendas
_9184242
852 4 _aES-MaACL
_jC-13337
999 _c60467
_d60467